000 00450nam a2200193Ia 4500
003 OSt
005 20221005131812.0
006 a|||||r|||| 00| 0
007 ta
008 221004b |||||||| |||| 00| 0 eng d
024 _a111784
037 _cTextual
040 _aCRL
_cCRL
_beng
041 _2eng
_aeng
245 0 _aSuppyment Report of the Consitutional committee
260 _c1960
942 _cTEXL
_2cc
999 _c1061450
_d1061450